Maritime Borders: Island Countries Quiz Stats

 Plays Quiz Updated Aug 18, 2017

Challenge
Share
Tweet
Embed
Score 0/68 Timer 10:00
0 Plays Today
Country Bordering Country % Correct
CubaUnited States
95.7%
BahamasUnited States
95.7%
PhilippinesChina
93.2%
JapanChina
93.2%
CubaHaiti
88%
BahamasHaiti
88%
CubaJamaica
87.7%
CubaBahamas
87.3%
JapanSouth Korea
87.1%
PhilippinesIndonesia
86.8%
Trinidad and TobagoBarbados
84.2%
St. LuciaBarbados
84.2%
CubaMexico
84.1%
JapanRussia
83.8%
BarbadosSt. Lucia
82.8%
Antigua and BarbudaSt. Kitts and Nevis
81.3%
MaldivesIndia
81.2%
Trinidad and TobagoGrenada
80.4%
PhilippinesJapan
79.3%
FijiVanuatu
79.1%
BarbadosTrinidad and Tobago
78.9%
GrenadaTrinidad and Tobago
78.9%
PhilippinesMalaysia
78%
PhilippinesTaiwan
78%
JapanTaiwan
78%
BahrainSaudi Arabia
77.4%
VanuatuFiji
77.2%
BahamasCuba
77%
Antigua and BarbudaFrance (Guadeloupe, Saint-Martin)
76.5%
St. Kitts and NevisAntigua and Barbuda
76.4%
MauritiusFrance (Reunion)
76.3%
St. Kitts and NevisFrance (Saint-Martin)
76.3%
MadagascarFrance (Mayotte, Reunion)
76.2%
BarbadosFrance (Guadeloupe)
76.1%
Country Bordering Country % Correct
St. LuciaFrance (Guadeloupe)
76.1%
FijiFrance (Wallis and Futuna)
76%
BarbadosSt. Vincent and The Grenadines
74%
GrenadaSt. Vincent and The Grenadines
74%
Trinidad and TobagoSt. Vincent and The Grenadines
74%
St. LuciaSt. Vincent and The Grenadines
73.9%
BahrainQatar
72.9%
MadagascarSeychelles
72.7%
MauritiusSeychelles
72.7%
Trinidad and TobagoVenezuela
72.4%
GrenadaVenezuela
72.4%
St. Kitts and NevisVenezuela
72.4%
IcelandDenmark (Faroe Islands, Greenland)
72.3%
MicronesiaMarshall Islands
71.4%
NauruMarshall Islands
71.4%
BahrainIran
71.1%
PhilippinesPalau
70.4%
MicronesiaPalau
70.4%
VanuatuSolomon Islands
69%
JapanPhilippines
68.7%
MadagascarMozambique
68.7%
MadagascarComoros
67.9%
FijiTuvalu
67.6%
FijiTonga
67.2%
MicronesiaPapua New Guinea
64.9%
IcelandNorway (Jan Mayen)
64.6%
NauruKiribati
64.2%
Trinidad and TobagoGuyana
63.8%
BarbadosGuyana
63.8%
São Tomé and PríncipeEquatorial Guinea
60.4%
São Tomé and PríncipeGabon
59.3%
St. Kitts and NevisNetherlands (Sint-Eustasius)
57%
São Tomé and PríncipeNigeria
56.4%
CubaHonduras
55.1%

You're not logged in!

Compare scores with friends on all Sporcle quizzes.
Join for Free
OR
Log In

You Might Also Like...

Show Comments

Extras

Top Quizzes Today


Score Distribution

Your Account Isn't Verified!

In order to create a playlist on Sporcle, you need to verify the email address you used during registration. Go to your Sporcle Settings to finish the process.

Report this User

Report this user for behavior that violates our Community Guidelines.

Details: